A handbook for translator trainers: a guide to reflective practice

Gespeichert in:
Bibliographische Detailangaben
1. Verfasser: Kelly, Dorothy (VerfasserIn)
Format: Buch
Sprache:Englisch
Veröffentlicht: Manchester St. Jerome Publishing 2005
Ausgabe:1a. ed
Schlagworte:
Tags: Tag hinzufügen
Keine Tags, Fügen Sie den ersten Tag hinzu!

MARC

LEADER 00000cam a2200000 a 4500
001 UCE3726
003 CL-VaPUC
008 140925e20050000uk |||||||||||||||||eng|d
020 |a 1900650819 
082 0 4 |a 418.020711  |b KEL  |2 21 
100 0 |a Kelly, Dorothy  |e author  |9 576213 
245 1 2 |a A handbook for translator trainers: a guide to reflective practice 
250 |a 1a. ed 
300 |a 173 p 
942 |c BK 
945 |d 20140925 17:45:00  |a dcastane 
260 |a Manchester  |b St. Jerome Publishing  |c 2005 
650 0 |a Traducción e interpretación  |9 315998 
650 0 |a Educación superior   |9 223851 
583 |a last modification  |c 20140925 17:45:00  |k Rodrigo Vera 
999 |c 356889  |d 356887 
952 |0 0  |1 0  |3 erb  |4 0  |6 418_020711000000000_KEL_2005  |7 0  |8 A  |9 464655  |a BIBEDU  |b BIBEDU  |i 5115728  |o 418.020711 KEL 2005  |p 5115728  |r 2019-11-23  |w 2019-11-23  |y BK  |z Catalogado en:20140925  |k CIT